[Event "52nd World Juniors 2013"]
[Site "Kocaeli TUR"]
[Date "2013.09.23"]
[Round "10.34"]
[White "Nagy, Gabor1"]
[Black "Kulkarni, Rakesh"]
[Result "0-1"]
[WhiteTitle "IM"]
[WhiteElo "2457"]
[BlackElo "2283"]
[WhiteFideId "737119"]
[BlackFideId "5037077"]
[EventDate "2013.09.13"]

1. Nf3 Nf6 2. c4 e6 3. d4 c5 4. Nc3 cxd4 5. Nxd4 d5 6. g3 e5 7. Nf3 d4 8. Nb5
Nc6 9. Bg2 Be7 10. O-O O-O 11. e3 a6 12. Na3 Bg4 13. h3 Bh5 14. Qb3 Qc7 15. exd4
e4 16. Bf4 Qc8 17. g4 exf3 18. Qxf3 Nxd4 19. Qe3 Bxa3 20. bxa3 Qxc4 21. Be5 Nc2
22. Qg5 h6 23. Qc1 Bg6 24. Rb1 Rfe8 25. Bxf6 gxf6 26. Rxb7 Rac8 27. Qxh6 Ne1 28.
Bh1 Qe2 29. Bd5 Nf3+ 30. Kg2 Ne5 31. Rb4 Rcd8 32. Bb3 Be4+ 33. Rxe4 Qxe4+ 34. f3
Qg6 35. Qf4 Qg5 36. Qa4 Ng6 37. f4 Rd2+ 38. Kh1 Qb5 0-1

[Event "52nd World Juniors 2013"]
[Site "Kocaeli TUR"]
[Date "2013.09.23"]
[Round "10.36"]
[White "Koksal, Ege"]
[Black "Ferreira, Jorge Viterbo"]
[Result "1-0"]
[WhiteTitle "CM"]
[BlackTitle "FM"]
[WhiteElo "2207"]
[BlackElo "2426"]
[WhiteFideId "6317626"]
[BlackFideId "1910850"]
[EventDate "2013.09.13"]

1. d4 e6 2. Nf3 f5 3. g3 Nf6 4. Bg2 d5 5. O-O Bd6 6. c4 c6 7. b3 Qe7 8. Bb2 b6
9. Nbd2 O-O 10. Rc1 Bb7 11. Ne5 a5 12. e3 Na6 13. Qc2 Rac8 14. Rfd1 Ne4 15. Ndf3
c5 16. Qb1 Qe8 17. Nd3 Nb4 18. dxc5 bxc5 19. Be5 Nxd3 20. Rxd3 Be7 21. Qb2 Rf7
22. Nd2 Bf8 23. f4 a4 24. Nxe4 fxe4 25. Rd2 Ra8 26. Bh3 Qc6 27. b4 a3 28. Qb1 d4
29. b5 Qb6 30. Kf2 Rd7 31. Rcd1 Ra4 32. Bf1 Ra8 33. Bg2 Ra4 34. Bxe4 Rxc4 35.
Bxh7+ Kh8 36. Qg6 1-0

[Event "52nd World Juniors 2013"]
[Site "Kocaeli TUR"]
[Date "2013.09.23"]
[Round "10.37"]
[White "Ochsner, Bjorn Moller"]
[Black "Pecurica, Milos"]
[Result "1-0"]
[WhiteTitle "FM"]
[WhiteElo "2366"]
[BlackElo "2190"]
[WhiteFideId "1416928"]
[BlackFideId "944963"]
[EventDate "2013.09.13"]

1. e4 c5 2. Nf3 d6 3. d4 cxd4 4. Nxd4 Nf6 5. f3 e5 6. Nb3 Be7 7. c4 a5 8. Be3 a4
9. N3d2 Qa5 10. Nc3 O-O 11. Be2 Be6 12. Rb1 Rc8 13. O-O Nfd7 14. Kh1 Nc5 15. Nd5
Bxd5 16. cxd5 Qd8 17. Nc4 Nbd7 18. Qd2 Rcb8 19. Na3 Qf8 20. Bb5 Bd8 21. Rbc1 f5
22. Nc4 fxe4 23. fxe4 Qe7 24. Qc2 Rc8 25. b4 Na6 26. a3 Bb6 27. Bxd7 Bxe3 28.
Bxc8 Rxc8 29. Rce1 Bd4 30. Qe2 Nc7 31. Na5 Ne8 32. Rc1 Rd8 33. Qb5 Nf6 34. Qxb7
Qe8 35. Rc7 Qg6 36. Nc6 Nxe4 37. Ne7+ 1-0

[Event "52nd World Juniors 2013"]
[Site "Kocaeli TUR"]
[Date "2013.09.23"]
[Round "10.38"]
[White "Soysal, Serkan"]
[Black "Arvola, Benjamin"]
[Result "1-0"]
[BlackTitle "FM"]
[WhiteElo "2097"]
[BlackElo "2354"]
[WhiteFideId "6349250"]
[BlackFideId "1506536"]
[EventDate "2013.09.13"]

1. d4 e6 2. Nf3 c5 3. c3 Nf6 4. Bf4 Qb6 5. Qc2 cxd4 6. cxd4 Nc6 7. e3 Nb4 8. Qb3
Qa5 9. Nc3 b6 10. Ne5 Ba6 11. Bxa6 Qxa6 12. Bg3 Rc8 13. a3 Nfd5 14. Kd2 Nxc3 15.
bxc3 Nc6 16. Nxc6 Rxc6 17. a4 Be7 18. Qb5 Qc8 19. Rhc1 d5 20. Kd3 O-O 21. c4 e5
22. Bxe5 Rxc4 23. Rxc4 Qf5+ 24. Ke2 dxc4 25. Rc1 Qg4+ 26. Ke1 a5 27. Qxc4 Qxg2
28. Qc6 Bb4+ 29. Ke2 Qg4+ 30. Kf1 Bd2 31. Rc2 Qd1+ 32. Kg2 Bb4 33. Rc1 Qg4+ 34.
Kh1 f6 35. Bf4 h5 36. Rg1 Qf5 37. Qg2 Rf7 38. Rc1 Kh7 39. h4 Qd7 40. Rc7 Qe8 41.
Rc6 Re7 42. Qf3 Re6 43. d5 Re7 44. Rxb6 Qg6 45. Kh2 Rd7 46. d6 f5 47. Qg3 Qf6
48. Rc6 Qe6 49. Rb6 Bc5 50. Ra6 Bb4 51. Qg5 Qg6 52. Qxg6+ Kxg6 53. Kg3 Kf6 54.
Kf3 Ke6 55. Rc6 g6 56. Rc7 Bxd6 57. Rxd7 Kxd7 58. Bxd6 Kxd6 59. Kf4 Kc5 60. f3
Kb4 61. e4 fxe4 62. fxe4 Kc4 63. Ke5 Kd3 64. Kd5 g5 65. hxg5 h4 66. g6 h3 67. g7
h2 68. g8=Q h1=Q 69. Qg3+ Kc2 70. Qc7+ Kd3 71. Qc4+ Ke3 72. Qc3+ Kf4 73. Qd2+
Kf3 74. e5 Qh7 75. Qc3+ Kf4 76. Qd4+ Kf3 77. e6 Qe7 78. Qe4+ Kf2 79. Qf4+ Ke1
80. Qd6 Qb7+ 81. Qc6 Qe7 82. Qd7 Qg5+ 83. Kc6 Qg2+ 84. Kb6 Qf2+ 85. Kxa5 Qc5+
86. Ka6 Qc4+ 87. Kb7 Qb4+ 88. Kc8 Qf8+ 89. Qd8 Qc5+ 90. Qc7 Qf5 91. Qc3+ Kf2 92.
Qd4+ Kg3 93. Kd7 Kh3 94. Kd6 Qg6 95. a5 Qe8 96. Qc3+ Kg4 97. Qc4+ Kg5 98. e7
Qb8+ 99. Qc7 Qa8 100. e8=Q Qxe8 101. Qe7+ 1-0

[Event "52nd World Juniors 2013"]
[Site "Kocaeli TUR"]
[Date "2013.09.23"]
[Round "10.39"]
[White "Karaokcu, Erkin"]
[Black "Franklin, Samuel G A"]
[Result "1-0"]
[BlackTitle "FM"]
[WhiteElo "2014"]
[BlackElo "2353"]
[WhiteFideId "6348459"]
[BlackFideId "468576"]
[EventDate "2013.09.13"]

1. d4 Nf6 2. c4 g6 3. Nc3 Bg7 4. e4 d6 5. f4 c5 6. d5 O-O 7. Nf3 e6 8. Be2 exd5
9. cxd5 Bg4 10. O-O Nbd7 11. h3 Bxf3 12. Bxf3 Re8 13. g4 h6 14. h4 h5 15. g5 Ng4
16. Kg2 Qe7 17. e5 Nb6 18. Ne4 Nxe5 19. fxe5 Qxe5 20. Nc3 Nc4 21. Qd3 Qd4 22.
Be2 Ne3+ 23. Bxe3 Rxe3 24. Qc4 Rae8 25. Qxd4 cxd4 26. Bb5 Rc8 27. Nd1 Re5 28.
Bd3 Rxd5 29. Nf2 f5 30. Nh3 Rdc5 31. Nf4 Kf7 32. Rae1 Be5 33. Ne2 Kg7 34. Rc1
Kf7 35. b4 R5c6 36. Rxc6 bxc6 37. Rc1 Ke6 38. Kf3 Kd7 39. b5 c5 40. Bc4 d3 41.
Nf4 Bxf4 42. Kxf4 d2 43. Rd1 Re8 44. Bd5 Re1 45. Rxd2 Rg1 46. Bf3 Rb1 47. Bc6+
Kc7 48. Re2 Rb4+ 49. Kf3 d5 50. Re7+ Kd6 51. Rxa7 Rxh4 52. Rd7+ Ke6 53. b6 Rb4
54. b7 Rb6 55. Rd8 1-0

[Event "52nd World Juniors 2013"]
[Site "Kocaeli TUR"]
[Date "2013.09.23"]
[Round "10.41"]
[White "Ratkovic, Milovan"]
[Black "Bornheim, Craig"]
[Result "1-0"]
[BlackTitle "CM"]
[WhiteElo "2302"]
[BlackElo "1973"]
[WhiteFideId "914525"]
[BlackFideId "14300370"]
[EventDate "2013.09.13"]

1. d4 Nf6 2. c4 c5 3. d5 b5 4. Nf3 g6 5. Qc2 bxc4 6. e4 d6 7. Bxc4 Bg7 8. O-O
O-O 9. Nc3 Ba6 10. Bxa6 Nxa6 11. Qe2 Nc7 12. Rd1 Re8 13. Bf4 Nh5 14. Be3 Qc8 15.
Rac1 Rb8 16. Rc2 Qa6 17. e5 Qxe2 18. Rxe2 f5 19. Bg5 Kf8 20. Rde1 h6 21. exd6
exd6 22. Be7+ Rxe7 23. Rxe7 Rxb2 24. Nd1 Rb7 25. Nh4 Nf4 26. Rd7 Bf6 27. g3 Bxh4
28. gxf4 a5 29. Ne3 Rb2 30. Nd1 Rb7 31. Kg2 c4 32. Ne3 c3 33. Nc4 c2 34. Rc1 Rb1
35. Rxc2 Nxd5 36. Nxd6 Rb8 37. Kf3 Ne7 38. Nc4 a4 39. Ne5 Ke8 1-0

[Event "52nd World Juniors 2013"]
[Site "Kocaeli TUR"]
[Date "2013.09.23"]
[Round "10.42"]
[White "Asgarizadeh, Ahmad"]
[Black "Zeydan, Salih"]
[Result "1-0"]
[WhiteElo "2354"]
[BlackElo "1968"]
[WhiteFideId "12505684"]
[BlackFideId "6361722"]
[EventDate "2013.09.13"]

1. e4 c5 2. Nf3 d6 3. d4 cxd4 4. Nxd4 Nf6 5. Nc3 a6 6. Be3 e5 7. Nf3 Qc7 8. a4
Be7 9. a5 O-O 10. Be2 Nbd7 11. O-O Nc5 12. Nd5 Nxd5 13. exd5 Bf5 14. Nd2 e4 15.
Nc4 Bg6 16. Ra3 f5 17. Bf4 Rad8 18. Qd2 Be8 19. b4 Nd7 20. Rd1 Nf6 21. Nb6 Nh5
22. Bxh5 Bxh5 23. Rc1 Bf6 24. c4 g5 25. Bxg5 Qg7 26. Bh6 Qe7 27. Bxf8 Rxf8 28.
Rg3+ Bg6 29. c5 f4 30. Qxf4 Bb2 31. cxd6 Qg7 32. Rc8 Rxc8 33. Nxc8 Be5 34. Ne7+
Kh8 35. Nxg6+ hxg6 36. Qh4+ Kg8 37. Qd8+ 1-0

[Event "52nd World Juniors 2013"]
[Site "Kocaeli TUR"]
[Date "2013.09.23"]
[Round "10.45"]
[White "Igonin, Temur"]
[Black "Karabayir, Mustafa Yilmaz"]
[Result "1-0"]
[WhiteTitle "FM"]
[WhiteElo "2074"]
[BlackElo "1926"]
[WhiteFideId "14203049"]
[BlackFideId "6300090"]
[EventDate "2013.09.13"]

1. e4 e5 2. Nf3 d5 3. exd5 e4 4. Qe2 Nf6 5. d3 Qxd5 6. Ng5 Nc6 7. dxe4 Qc5 8.
Nc3 Nd4 9. Qd3 Bg4 10. h3 Bh5 11. g4 O-O-O 12. gxh5 Be7 13. Be3 h6 14. O-O-O Qa5
15. Bxd4 Qxg5+ 16. Qe3 Qxh5 17. Be2 Qa5 18. Kb1 Rhe8 19. Bc4 Bb4 20. Bxf7 Re7
21. Bxf6 Rxd1+ 22. Rxd1 gxf6 23. Qd4 Bd6 24. Qxf6 1-0

[Event "52nd World Juniors 2013"]
[Site "Kocaeli TUR"]
[Date "2013.09.23"]
[Round "10.46"]
[White "Gundogan, Cem"]
[Black "Temizkan, Denizcan"]
[Result "1/2-1/2"]
[WhiteElo "2072"]
[BlackElo "1921"]
[WhiteFideId "6311032"]
[BlackFideId "6325157"]
[EventDate "2013.09.13"]

1. d4 d5 2. c4 c6 3. Nf3 Nf6 4. g3 e6 5. Qc2 Nbd7 6. Bg2 Bd6 7. O-O O-O 8. b3
Re8 9. Nc3 dxc4 10. bxc4 e5 11. d5 Qc7 12. e4 a6 13. Ne1 b5 14. dxc6 Qxc6 15.
cxb5 axb5 16. a4 bxa4 17. Nd5 Bb7 18. Ba3 Bxa3 19. Qxc6 Bxc6 20. Rxa3 Nxd5 21.
exd5 Bb5 22. Nd3 e4 23. Nb4 Bxf1 24. Bxf1 Nb6 25. Bb5 Red8 26. Kf1 Nxd5 27. Nxd5
Rxd5 28. Bc6 Rd1+ 29. Ke2 Rad8 30. Rxa4 f5 31. g4 g6 32. gxf5 gxf5 33. Ra5 Rc1
34. Ba4 f4 35. Rf5 f3+ 36. Ke3 Re1+ 37. Kf4 Re2 38. h3 Kh8 39. Bb5 e3 40. fxe3
Rf2 41. Kg3 1/2-1/2

[Event "52nd World Juniors 2013"]
[Site "Kocaeli TUR"]
[Date "2013.09.23"]
[Round "10.47"]
[White "Pon, Matt"]
[Black "Vucic, Mihovil"]
[Result "0-1"]
[WhiteTitle "FM"]
[WhiteElo "1919"]
[BlackElo "2063"]
[WhiteFideId "14301644"]
[BlackFideId "14514990"]
[EventDate "2013.09.13"]

1. Nf3 Nf6 2. g3 d5 3. Bg2 e6 4. O-O Be7 5. d3 O-O 6. Nbd2 c5 7. e4 Nc6 8. e5
Nd7 9. Re1 Rb8 10. h4 b5 11. Nf1 a5 12. Bf4 Ba6 13. Ng5 Qe8 14. Qg4 Kh8 15. Nh2
b4 16. Bf1 a4 17. Nhf3 h6 18. Nh3 a3 19. b3 Nd4 20. Nxd4 cxd4 21. Bd2 Bc5 22.
Nf4 Rb6 23. Nh5 Rg8 24. Qf3 Rc6 25. Rac1 Qe7 26. Bh3 Nf8 27. Nf4 Qc7 28. Re2 Kh7
29. Nh5 Ng6 30. Nf6+ gxf6 31. h5 Nxe5 32. Qxf6 Bf8 33. Qxe5 Qxe5 34. Rxe5 Bd6
35. Re2 Rgc8 36. Bxe6 fxe6 37. Rxe6 Bf8 38. Rxc6 Rxc6 39. Kg2 Bc8 40. f3 Kg7 41.
Bf4 Kf7 42. g4 Be7 43. Bd2 Ba6 44. Kg3 Bf8 45. f4 Be7 46. Kf3 Bf8 47. Kg3 Kg8
48. Kf3 Kh7 49. Kg3 Rc7 50. Kf3 Bc8 51. f5 Ba6 52. Bf4 Rc6 53. Ke2 Be7 54. Kd2
Kg7 55. Re1 Kf7 56. Re2 Bb5 57. Kd1 Ba6 58. Kd2 Bc8 59. Kd1 Bd7 60. Kd2 Bg5 61.
Bxg5 hxg5 62. Ke1 Kf6 63. Kf1 Rc8 64. Kg2 Rh8 65. Kg3 Rg8 66. Kg2 Rc8 67. Kf1
Be8 68. Re6+ Kg7 69. Re7+ Bf7 70. Re2 Kf6 71. Kg2 Rc3 72. Kg3 Kg7 73. Rf2 Be8
74. Re2 Bb5 75. Rd2 Kf7 76. Kf3 Kf6 77. Kf2 Be8 78. Kg3 Bf7 79. Kh2 Rc8 80. Re2
Rc7 81. Kh3 Kg7 82. Kg3 Kh6 83. Kf3 Rc6 84. Kg3 Rf6 85. Re5 Kg7 86. Kf3 Rc6 87.
Re2 Rh6 88. Rh2 Kf6 89. Rh1 Rh8 90. Rh2 Kg7 91. Re2 Rxh5 92. Re7 Rh2 93. Rc7 Rd2
94. Kg3 Rd1 95. Rb7 Ra1 96. Rxb4 Rxa2 97. Ra4 Rxc2 98. Rxa3 Rc3 99. Kf2 Rxd3
100. Ra4 Rxb3 101. Rxd4 Rc3 0-1

[Event "52nd World Juniors 2013"]
[Site "Kocaeli TUR"]
[Date "2013.09.23"]
[Round "10.48"]
[White "Yuksel, Atilla Koksal"]
[Black "Mamyrbay, Assad"]
[Result "1/2-1/2"]
[WhiteTitle "CM"]
[WhiteElo "2060"]
[BlackElo "1823"]
[WhiteFideId "6306667"]
[BlackFideId "13708880"]
[EventDate "2013.09.13"]

1. e4 c5 2. Nf3 d6 3. d4 cxd4 4. Nxd4 Nf6 5. Nc3 a6 6. Bg5 e6 7. f4 Be7 8. Qf3
Qc7 9. O-O-O Nbd7 10. Bd3 h6 11. Bh4 g5 12. fxg5 Ne5 13. Qe2 Nfg4 14. Nf3 Nxf3
15. gxf3 hxg5 16. Bg3 Ne5 17. f4 gxf4 18. Bxf4 Bd7 19. Rdf1 Rh7 20. h4 O-O-O 21.
h5 Rdh8 22. Kb1 Kb8 23. Nd1 Qc5 24. Be3 Qb4 25. Nf2 Bf6 26. a3 Qa4 27. h6 Bc6
28. Rhg1 Nxd3 29. Nxd3 Be7 30. Rg7 Qxe4 31. Rfxf7 Rxh6 32. Rxe7 Rh3 33. Rxe6
Rh1+ 34. Bc1 Qd4 35. Rg4 Qd5 36. Nb4 Rxc1+ 37. Kxc1 Rh1+ 38. Qe1 Rxe1+ 39. Rxe1
Qf3 40. Nxc6+ Qxc6 41. Rg7 Qc4 42. Ree7 Qf1+ 43. Kd2 Qf2+ 44. Kc3 Qc5+ 45. Kd3
Qb5+ 46. Ke4 Qc4+ 47. Ke3 Qc5+ 48. Kd2 Qd4+ 49. Kc1 Qf4+ 50. Kd1 Qd4+ 51. Ke2
Qxb2 52. Rxb7+ 1/2-1/2

[Event "52nd World Juniors 2013"]
[Site "Kocaeli TUR"]
[Date "2013.09.23"]
[Round "10.49"]
[White "Neves, Pedro"]
[Black "Topac, Ahmet Eren"]
[Result "1-0"]
[WhiteElo "2212"]
[BlackElo "1800"]
[WhiteFideId "1905554"]
[BlackFideId "6311873"]
[EventDate "2013.09.13"]

1. e4 c5 2. Nf3 Nc6 3. d4 cxd4 4. Nxd4 g6 5. Nc3 Bg7 6. Be3 Nf6 7. Bc4 O-O 8.
Bb3 d6 9. f3 Bd7 10. Qd2 a5 11. Ndb5 Ne5 12. a4 Rc8 13. Qe2 Be6 14. Nd5 Bxd5 15.
exd5 h5 16. O-O Nfd7 17. c3 Nc5 18. Bc2 Ncd7 19. b3 Nf6 20. Rad1 Qd7 21. h3 Qd8
22. f4 Ned7 23. c4 Nc5 24. f5 Nfe4 25. Bxc5 Nxc5 26. fxg6 fxg6 27. Bxg6 Nxb3 28.
Rxf8+ Qxf8 29. Qxh5 1-0

[Event "52nd World Juniors 2013"]
[Site "Kocaeli TUR"]
[Date "2013.09.23"]
[Round "10.52"]
[White "Baasansuren, Erdene"]
[Black "Zor, Alber Kadir"]
[Result "1/2-1/2"]
[WhiteTitle "CM"]
[WhiteElo "1844"]
[BlackElo "1948"]
[WhiteFideId "4902084"]
[BlackFideId "6353169"]
[EventDate "2013.09.13"]

1. d4 Nf6 2. c4 e5 3. dxe5 Ng4 4. Nf3 Bc5 5. e3 Nc6 6. Be2 O-O 7. O-O Re8 8. b3
Ncxe5 9. Bb2 d6 10. Nxe5 Nxe5 11. Nd2 Bd7 12. Nf3 Ng6 13. a3 a5 14. Qd2 Qe7 15.
b4 Bb6 16. Rfd1 Bc6 17. Rdc1 f6 18. Bd4 Bxf3 19. Bxf3 Bxd4 20. exd4 axb4 21.
axb4 c6 22. g3 Qf7 23. Rxa8 Rxa8 24. b5 Qe8 25. Qb4 cxb5 26. Qxb5 d5 1/2-1/2

[Event "52nd World Juniors 2013"]
[Site "Kocaeli TUR"]
[Date "2013.09.23"]
[Round "10.53"]
[White "Abdrashev, Arlen"]
[Black "Cingoz, Ozan"]
[Result "0-1"]
[WhiteElo "1745"]
[BlackElo "1918"]
[WhiteFideId "13710257"]
[BlackFideId "6333397"]
[EventDate "2013.09.13"]

1. e4 c5 2. Nf3 d6 3. d4 cxd4 4. Nxd4 Nf6 5. Nc3 g6 6. Be3 Bg7 7. f3 O-O 8. Qd2
Nc6 9. O-O-O Nxd4 10. Bxd4 Be6 11. g4 Qa5 12. Kb1 Rfc8 13. h4 Rab8 14. Nd5 Qxd2
15. Rxd2 Bxd5 16. exd5 a6 17. g5 Nh5 18. Bh3 Rc4 19. Bxg7 Kxg7 20. Bg4 b5 21.
Re1 Rb7 22. b3 Rc5 23. Bxh5 gxh5 24. Re4 Rbc7 25. Kb2 a5 26. a3 Kg6 27. f4 Kf5
28. Red4 Rc3 29. R4d3 Rxd3 30. cxd3 Kxf4 31. Rf2+ Kg4 32. Rxf7 Kxh4 33. Rxh7
Kxg5 34. Rg7+ Kh4 35. b4 axb4 36. axb4 Kh3 37. Rg5 h4 38. Rg7 Kh2 39. Rg4 h3 40.
Rg7 Kh1 41. Rg3 h2 42. Rg7 Rc8 43. Rxe7 Rg8 0-1

[Event "52nd World Juniors 2013"]
[Site "Kocaeli TUR"]
[Date "2013.09.23"]
[Round "10.54"]
[White "Percin, Onder"]
[Black "Heinechen, John"]
[Result "0-1"]
[WhiteElo "1838"]
[BlackElo "1901"]
[WhiteFideId "6345190"]
[BlackFideId "3700976"]
[EventDate "2013.09.13"]

1. e4 c5 2. Nc3 a6 3. g3 b5 4. Bg2 Bb7 5. d3 e6 6. f4 b4 7. Nce2 d5 8. e5 h5 9.
Nf3 Nh6 10. O-O Nc6 11. Be3 Ng4 12. Bd2 Be7 13. h3 Nh6 14. Qe1 g6 15. c3 a5 16.
Qf2 Ba6 17. Ne1 Rc8 18. Rc1 Nf5 19. Rd1 a4 20. Bc1 Qa5 21. g4 hxg4 22. hxg4 Bh4
23. Qf3 Bxe1 24. gxf5 Bh4 25. fxg6 fxg6 26. Qg4 Kd7 27. Bxd5 Rce8 28. Be3 Bd8
29. Bxc6+ Kxc6 30. cxb4 Qxb4 31. d4 Rh4 32. Qf3+ Kc7 33. dxc5 Reh8 34. Ng3 Bxf1
35. Rxf1 Qxb2 36. Bf2 Qb4 37. Qa8 Be7 38. Qg2 Rxf4 39. Rc1 Rc4 40. Qf1 Rxc1 41.
Qxc1 Rh4 42. Qc2 Rg4 43. Kh2 Qc4 44. Qd2 Rh4+ 45. Kg1 Qb4 46. Qc2 Rg4 47. Kh1 a3
48. Qc1 Qb2 49. Qe1 Rb4 50. Qe3 Qxa2 51. c6 Rh4+ 52. Kg1 Qb1+ 53. Kg2 Ra4 54.
Qf3 Qb5 55. Qf7 Qxc6+ 56. Kh2 Rh4+ 57. Kg1 Kd7 58. Qxg6 a2 59. Qd3+ Kc8 60. Qd1
Rc4 61. Ne2 Rc1 62. Nxc1 a1=Q 63. Be3 Qxe5 64. Qd3 Qxe3+ 65. Qxe3 Bc5 0-1

[Event "52nd World Juniors 2013"]
[Site "Kocaeli TUR"]
[Date "2013.09.23"]
[Round "10.55"]
[White "Aydin, Hasan Bora"]
[Black "Atay, Sergen"]
[Result "1/2-1/2"]
[WhiteElo "1848"]
[BlackElo "1713"]
[WhiteFideId "6336612"]
[BlackFideId "6309143"]
[EventDate "2013.09.13"]

1. e4 e5 2. Nf3 Nc6 3. Bc4 Bc5 4. c3 Nf6 5. d4 exd4 6. cxd4 Bb4+ 7. Bd2 Bxd2+ 8.
Nbxd2 d5 9. exd5 Nxd5 10. Qb3 Ne5 11. Qa4+ Nc6 12. Qb3 Ne5 13. Qa4+ Nc6 1/2-1/2

[Event "52nd World Juniors 2013"]
[Site "Kocaeli TUR"]
[Date "2013.09.23"]
[Round "10.56"]
[White "Mesic, Vehid"]
[Black "Kilic, Efe Mert"]
[Result "0-1"]
[WhiteElo "1576"]
[BlackElo "1843"]
[WhiteFideId "14404320"]
[BlackFideId "6354327"]
[EventDate "2013.09.13"]

1. e4 g6 2. d4 Bg7 3. Nf3 c5 4. d5 d6 5. c4 Nd7 6. Be2 a6 7. O-O Ngf6 8. Nc3 O-O
9. h3 Rb8 10. a4 Qa5 11. Bg5 h6 12. Be3 g5 13. Qd2 Ne5 14. Nxe5 dxe5 15. h4 Ng4
16. Bxg4 Bxg4 17. hxg5 h5 18. f3 Bd7 19. Qf2 Rbc8 20. Qh4 Qb4 21. Ne2 Qb3 22.
Bc1 Qxc4 23. Ng3 Qd4+ 24. Kh2 c4 25. Nxh5 Qb6 26. Rd1 Qg6 27. Bd2 f6 28. Rh1 Kf7
29. Kg1 Rh8 30. g4 Rcd8 31. Kf2 Rc8 32. Ra3 Rc7 33. Be3 Rcc8 34. Rd1 Rcd8 35.
Rd2 Rc8 36. d6 e6 37. a5 f5 38. exf5 exf5 39. Bb6 f4 40. Qh1 Qxg5 41. Qg2 Qh4+
42. Ke2 Qg5 43. Nxg7 Qxg7 44. Rc3 Rc6 45. Rd5 Ke6 46. Rc5 Rxc5 47. Bxc5 Qh7 48.
Kd2 Qb1 49. Rxc4 Rh1 50. Qf2 Rd1+ 51. Kc3 Qd3+ 52. Kb4 Rd2 0-1

[Event "52nd World Juniors 2013"]
[Site "Kocaeli TUR"]
[Date "2013.09.23"]
[Round "10.57"]
[White "Ertekin, Oguzhan"]
[Black "Garcia Herrera, Enrique Ric"]
[Result "1/2-1/2"]
[BlackTitle "CM"]
[WhiteElo "1583"]
[BlackElo "1653"]
[WhiteFideId "6337481"]
[BlackFideId "5115124"]
[EventDate "2013.09.13"]

1. c4 g6 2. b4 Bg7 3. d4 d6 4. Bb2 c5 5. bxc5 dxc5 6. Nf3 Nc6 7. e3 Bf5 8. Bd3
Qb6 9. Bc3 Bxd3 10. Qxd3 Nf6 11. O-O O-O 12. d5 Nb4 13. Bxb4 Qxb4 14. Nbd2 Qa5
15. Nb3 Qc7 16. Rab1 Rfd8 17. e4 Nd7 18. Qe3 b6 19. g3 Rab8 20. a4 Re8 21. Qd2
e6 22. Rfe1 exd5 23. exd5 Qd6 24. Kg2 Ne5 25. Nxe5 Rxe5 26. Rxe5 Bxe5 27. f4 Bg7
28. Re1 Kf8 29. Qe2 Qd7 30. Kf3 Qxa4 31. Qe7+ Kg8 32. Nd2 Bc3 33. Ne4 Bxe1 34.
Nf6+ Kg7 35. Qxe1 Qb3+ 36. Kg4 Qb2 37. Nd7 Rd8 38. Qe7 Rxd7 39. Qxd7 Qe2+ 40.
Kh3 Qxc4 41. d6 1/2-1/2

[Event "52nd World Juniors 2013"]
[Site "Kocaeli TUR"]
[Date "2013.09.24"]
[Round "11.1"]
[White "Ipatov, Alexander"]
[Black "Ter-Sahakyan, Samvel"]
[Result "1/2-1/2"]
[WhiteTitle "GM"]
[BlackTitle "GM"]
[WhiteElo "2601"]
[BlackElo "2575"]
[WhiteFideId "14116731"]
[BlackFideId "13302531"]
[EventDate "2013.09.13"]

1. d4 d5 2. c4 c6 3. Nf3 Nf6 4. Nc3 dxc4 5. a4 Bf5 6. e3 e6 7. Bxc4 Nbd7 8. O-O
Bb4 9. Nh4 Bg6 10. Nxg6 hxg6 11. h3 Qe7 12. a5 O-O 13. Qb3 Rab8 14. Rd1 Rfd8 15.
Bd2 b5 16. axb6 Nxb6 17. Be2 c5 18. Nb5 Bxd2 19. Rxa7 Qe8 20. Rxd2 c4 21. Qb4
Nfd5 22. Qa5 Nc8 23. Nc7 Qd7 24. Nxe6 Nxa7 25. Nxd8 Rxd8 26. Bxc4 Nc6 27. Qxd5
Qxd5 28. Bxd5 Rxd5 29. Rc2 Ne7 30. Rc7 Kf8 31. Rb7 Ke8 32. Kf1 Rd7 33. Rxd7 Kxd7
34. Ke2 Kc6 35. Kd3 Nd5 36. g4 g5 37. Ke4 Ne7 38. f4 gxf4 39. Kxf4 Kd5 40. h4
Ng6+ 41. Kg3 Ke4 42. b4 Ne7 43. b5 Nd5 44. h5 f6 45. g5 fxg5 46. Kg4 Kxe3 47.
Kxg5 Kxd4 48. Kg6 Nf4+ 49. Kf5 Nd5 50. Ke6 Kc5 51. b6 Nxb6 52. Kf7 Nd5 53. Kxg7
Nf4 54. h6 Ne6+ 55. Kf6 Nf8 56. Kf7 Nh7 57. Kg7 Ng5 58. h7 Nxh7 59. Kxh7 1/2-1/2

[Event "52nd World Juniors 2013"]
[Site "Kocaeli TUR"]
[Date "2013.09.24"]
[Round "11.2"]
[White "Yu, Yangyi"]
[Black "Stukopin, Andrey"]
[Result "1-0"]
[WhiteTitle "GM"]
[BlackTitle "IM"]
[WhiteElo "2662"]
[BlackElo "2522"]
[WhiteFideId "8603820"]
[BlackFideId "24107131"]
[EventDate "2013.09.13"]

1. e4 c5 2. Nf3 Nc6 3. Bb5 d6 4. O-O Bd7 5. Re1 Nf6 6. c3 a6 7. Bf1 Bg4 8. h3
Bxf3 9. Qxf3 g6 10. d3 Bg7 11. Be3 O-O 12. a4 Nd7 13. Na3 Qb8 14. Qd1 b5 15.
axb5 axb5 16. d4 b4 17. Nb5 bxc3 18. bxc3 Na7 19. Na3 Rc8 20. Qd2 cxd4 21. cxd4
Nc6 22. Reb1 Qc7 23. Nb5 Rxa1 24. Rxa1 Qd8 25. Rc1 Ncb8 26. Rb1 Nc6 27. d5 Nce5
28. Na7 Rb8 29. Qc2 Rxb1 30. Qxb1 Nc5 31. f4 Qa8 32. Qb6 Ned7 33. Qc7 Bf8 34.
Bb5 Qb8 35. Qxb8 Nxb8 36. Bxc5 dxc5 37. e5 g5 38. fxg5 Bg7 39. d6 exd6 40. exd6
Be5 41. Nc8 Kg7 42. Kf2 Kg6 43. h4 Kf5 44. Kf3 Ke6 45. Ke4 f5+ 46. Kf3 Bg7 47.
h5 h6 48. g6 Be5 49. Ne7 Kf6 50. Nd5+ Ke6 51. Ne3 Bf6 52. g3 Be5 53. d7 Nxd7 54.
Bxd7+ Kxd7 55. Nxf5 Ke6 56. Nxh6 c4 57. Ke4 c3 58. Kd3 Bg7 59. Nf7 Kf5 60. g4+
Ke6 61. h6 Bd4 62. Ng5+ Kd5 1-0

[Event "52nd World Juniors 2013"]
[Site "Kocaeli TUR"]
[Date "2013.09.24"]
[Round "11.4"]
[White "Debashis, Das"]
[Black "Vidit, Santosh Gujrathi"]
[Result "0-1"]
[WhiteTitle "IM"]
[BlackTitle "GM"]
[WhiteElo "2489"]
[BlackElo "2565"]
[WhiteFideId "5024854"]
[BlackFideId "5029465"]
[EventDate "2013.09.13"]

1. d4 f5 2. Nf3 Nf6 3. c4 g6 4. g3 Bg7 5. Bg2 O-O 6. O-O d6 7. Nc3 c6 8. Rb1 a5
9. d5 e5 10. dxe6 Bxe6 11. Bf4 Bxc4 12. Bxd6 Re8 13. Ne5 Be6 14. b4 Nfd7 15.
Nxd7 Nxd7 16. Qc2 axb4 17. Rxb4 Ra3 18. Rc4 Nb6 19. Bxa3 Nxc4 20. Bb4 Qd4 21.
Nd1 Rd8 22. Bc3 Qd7 23. Re1 Bxc3 24. Nxc3 Qd2 25. Qc1 Qxc1 26. Rxc1 Rd2 27. Kf1
Na5 28. Ke1 Rb2 29. Rd1 Rc2 30. Rd3 Bc4 31. Re3 Bxa2 32. Nxa2 Rxa2 33. Re7 Nb3
34. f4 Nc5 35. h3 h5 36. Kf2 Kf8 37. Rc7 Rd2 38. Bf3 Rd7 39. Rc8+ Kg7 40. g4
hxg4 41. hxg4 Ne6 42. gxf5 gxf5 43. e4 fxe4 44. Bxe4 Nd4 45. Ke3 Kf6 46. Rf8+
Ke7 47. Rh8 Ne6 48. Rh6 Nd8 49. f5 Rd6 50. Rh1 Nf7 51. Rb1 Rd7 52. Kf4 Kf6 53.
Rg1 Ne5 54. Rh1 Nf7 55. Rg1 Rd4 56. Rg6+ Ke7 57. Ke3 Rc4 58. Rg8 Nd6 59. Bd3 Rb4
60. Rg7+ Nf7 61. Rg6 Rh4 62. Be4 Nd6 63. Bd3 Rh3+ 64. Kd2 c5 65. Rg7+ Kf6 66.
Rc7 Ke5 67. f6 Kd4 68. Be2 Ne4+ 69. Kc1 Rh1+ 70. Bd1 b5 71. f7 Rf1 72. Kb2 Rf2+
73. Kc1 Kc3 74. Re7 Nd6 75. Re3+ Kd4 0-1